[Event "San Cristobal op 5th"]
[Site "San Cristobal de La Laguna"]
[Date "2023.09.02"]
[Round "9"]
[White "Xu, Yuanyuan"]
[Black "Guerrero Vargas, Andres Jesus"]
[Result "0-1"]
[WhiteElo "2320"]
[BlackElo "2331"]
[PlyCount "124"]
[EventDate "2023.08.26"]
[EventType "swiss"]
[EventRounds "9"]
[EventCountry "ESP"]
[SourceTitle "EXT 2024"]
[Source "ChessBase"]
[SourceDate "2023.10.10"]
[SourceVersion "1"]
[SourceVersionDate "2023.10.10"]
[SourceQuality "1"]

1. d4 d5 2. Nf3 Nf6 3. c4 e6 4. Bg5 h6 5. Bh4 Bb4+ 6. Nc3 dxc4 7. Qa4+ Nc6 8. e3 Bd7 9. Qc2 b5 10. Be2 Ne7 11. Ne5 g5 12. Bg3 h5 13. h4 g4 14. e4 Bc6 15. 0-0 Bb7 16. Nxb5 Bxe4 17. Qa4 c6 18. Qxb4 cxb5 19. Qxb5+ Kf8 20. Nxc4 Nf5 21. Qc5+ Kg8 22. Nd6 Nd7 23. Qc1 Nxd4 24. Bc4 Bg6 25. Qf4 e5 26. Bxf7+ Kf8 27. Qe3 Bxf7 28. Bxe5 Nxe5 29. Qxd4 Qf6 30. Rad1 Rg8 31. Rfe1 Nf3+ 32. gxf3 Qxh4 33. Kf1 Qh3+ 34. Ke2 Qxf3+ 35. Kd2 Bg6 36. Kc1 Rg7 37. b3 Kg8 38. Re3 Rc7+ 39. Nc4 Qf5 40. Qd5+ Qxd5 41. Rxd5 Rf8 42. Re2 Kg7 43. Kd2 Rcf7 44. Ke1 Kh6 45. Ne5 Rf5 46. Rd6 R8f6 47. Rd7 a6 48. b4 Rf4 49. a3 h4 50. Nxg6 Kxg6 51. Ree7 h3 52. Rg7+ Kf5 53. Rd5+ Ke4 54. Rh5 Kf3 55. Re7 Kg2 56. Rh4 g3 57. Rxf4 Rxf4 58. fxg3 Rf1+ 59. Ke2 h2 60. Rh7 h1Q 61. Rxh1 Rxh1 62. a4 Rb1 0-1

[Event "San Cristobal op 5th"]
[Site "San Cristobal de La Laguna"]
[Date "2023.09.01"]
[Round "8"]
[White "Guerrero Vargas, Andres Jesus"]
[Black "Hernandez Leon, Sergio"]
[Result "1-0"]
[WhiteElo "2331"]
[BlackElo "2165"]
[PlyCount "53"]
[EventDate "2023.08.26"]
[EventType "swiss"]
[EventRounds "9"]
[EventCountry "ESP"]
[SourceTitle "EXT 2024"]
[Source "ChessBase"]
[SourceDate "2023.10.10"]
[SourceVersion "1"]
[SourceVersionDate "2023.10.10"]
[SourceQuality "1"]

1. e4 e5 2. Nf3 Nc6 3. Bb5 a6 4. Ba4 Nf6 5. 0-0 b5 6. Bb3 Be7 7. d4 d6 8. dxe5 Nxe5 9. Nxe5 dxe5 10. Qxd8+ Bxd8 11. a4 Bb7 12. f3 c5 13. axb5 axb5 14. Rxa8 Bxa8 15. c4 bxc4 16. Ba4+ Ke7 17. Na3 c3 18. Be3 Bc7 19. Rd1 Ne8 20. bxc3 Bb7 21. Nc4 Bc8 22. Bxc5+ Kf6 23. Ne3 Be6 24. Nd5+ Bxd5 25. Rxd5 Kg6 26. Rd7 Ba5 27. Ra7 1-0

[Event "San Cristobal op 5th"]
[Site "San Cristobal de La Laguna"]
[Date "2023.08.29"]
[Round "5"]
[White "Korneev, Oleg"]
[Black "Guerrero Vargas, Andres Jesus"]
[Result "1-0"]
[WhiteElo "2473"]
[BlackElo "2331"]
[PlyCount "61"]
[EventDate "2023.08.26"]
[EventType "swiss"]
[EventRounds "9"]
[EventCountry "ESP"]
[SourceTitle "EXT 2024"]
[Source "ChessBase"]
[SourceDate "2023.10.10"]
[SourceVersion "1"]
[SourceVersionDate "2023.10.10"]
[SourceQuality "1"]

1. e4 e5 2. Nf3 Nc6 3. Bb5 a6 4. Ba4 Nf6 5. 0-0 Bc5 6. Bxc6 dxc6 7. d3 Nd7 8. Be3 Bd6 9. Nbd2 0-0 10. a4 b6 11. Nc4 Re8 12. d4 exd4 13. Nxd4 Bc5 14. f3 Qf6 15. c3 a5 16. Nf5 Rd8 17. Bxc5 Nxc5 18. e5 Rxd1 19. Rfxd1 Qg5 20. h4 Qxg2+ 21. Kxg2 Bxf5 22. b4 axb4 23. cxb4 Nd3 24. a5 b5 25. Ne3 Nf4+ 26. Kg3 Nh5+ 27. Kf2 Bg6 28. Rd7 Nf4 29. Rad1 Ne6 30. f4 Bh5 31. f5 1-0

[Event "San Cristobal op 5th"]
[Site "San Cristobal de La Laguna"]
[Date "2023.08.26"]
[Round "1"]
[White "Baba, Saad Bouh"]
[Black "Guerrero Vargas, Andres Jesus"]
[Result "0-1"]
[WhiteElo "1579"]
[BlackElo "2331"]
[PlyCount "42"]
[EventDate "2023.08.26"]
[EventType "swiss"]
[EventRounds "9"]
[EventCountry "ESP"]
[SourceTitle "EXT 2024"]
[Source "ChessBase"]
[SourceDate "2023.10.10"]
[SourceVersion "1"]
[SourceVersionDate "2023.10.10"]
[SourceQuality "1"]

1. d4 Nf6 2. e3 g6 3. Bd3 Bg7 4. f4 0-0 5. Nf3 d6 6. 0-0 Nc6 7. c3 e5 8. fxe5 dxe5 9. dxe5 Ng4 10. Qe1 Qxd3 11. Nd4 Bxe5 12. Nf3 Bg7 13. h3 Nge5 14. Nbd2 b6 15. Qh4 Qd8 16. Ng5 h6 17. Ndf3 Ba6 18. c4 Nxf3+ 19. Nxf3 Qe7 20. Qg5 Qxg5 21. Nh4 Qxh4 0-1

[Event "Titled Tuesday intern op 08th Aug Late"]
[Site "Chess.com INT"]
[Date "2023.08.08"]
[Round "3"]
[White "Guerrero Vargas, Andres Jesus"]
[Black "Fajdetic, Hrvoje"]
[Result "1-0"]
[WhiteElo "2331"]
[BlackElo "2151"]
[PlyCount "43"]
[EventDate "2023.08.08"]
[EventType "swiss (blitz)"]
[EventRounds "11"]
[EventCountry "USA"]
[SourceTitle "EXT 2024"]
[Source "ChessBase"]
[SourceDate "2023.10.10"]
[SourceVersion "1"]
[SourceVersionDate "2023.10.10"]
[SourceQuality "1"]

1. e4 c5 2. d4 cxd4 3. c3 d3 4. c4 Nc6 5. Nc3 g6 6. Bxd3 Bg7 7. Nge2 d6 8. h3 Nf6 9. 0-0 0-0 10. Be3 Be6 11. Rc1 Rc8 12. b3 Qa5 13. a3 a6 14. b4 Qh5 15. Qd2 g5 16. Ng3 Qg6 17. e5 Nxe5 18. Bxg6 Nxc4 19. Bxh7+ Kxh7 20. Qd3+ Kg8 21. Bxg5 Ne5 22. Qb1 1-0

[Event "Madrid-chT Honor 2223"]
[Site "Madrid"]
[Date "2023.02.04"]
[Round "8.3"]
[White "Guerrero Vargas, Andres Jesus"]
[Black "Alfaya Marcelo, Roberto"]
[Result "0-1"]
[WhiteElo "2345"]
[BlackElo "2230"]
[PlyCount "90"]
[EventDate "2022.11.20"]
[EventType "team-tourn"]
[EventRounds "14"]
[EventCountry "ESP"]
[SourceTitle "EXT 2024"]
[Source "ChessBase"]
[SourceDate "2023.10.10"]
[SourceVersion "1"]
[SourceVersionDate "2023.10.10"]
[SourceQuality "1"]
[WhiteTeam "Villalba 64"]
[BlackTeam "San Sebastian de los Reyes"]
[WhiteTeamCountry "ESP"]
[BlackTeamCountry "ESP"]

1. Nf3 Nf6 2. c4 e6 3. Nc3 d5 4. e3 b6 5. b3 Bb7 6. Bb2 Nbd7 7. Be2 Bd6 8. cxd5 exd5 9. Nb5 Bc5 10. Nbd4 0-0 11. Qc2 Rc8 12. Nf5 Re8 13. h4 Bf8 14. N3d4 g6 15. Ba6 Bxa6 16. Nc6 Nc5 17. Nxd8 Nd3+ 18. Kd1 Ne4 19. Qc6 Nexf2+ 20. Ke2 Rcxd8 21. Qc3 d4 22. Nxd4 Ne4 23. Qxc7 Nxb2+ 24. d3 Nxd3 25. a3 Nf4+ 26. Kf3 Nd2+ 27. Kf2 Rxd4 28. exd4 Re2+ 29. Kg3 Bd6 30. Qxd6 Ne4+ 31. Kxf4 Nxd6 32. Rhe1 Rxg2 33. Ke5 Ne8 34. d5 Bc8 35. d6 f6+ 36. Kf4 Nxd6 37. Re7 Rf2+ 38. Kg3 Rb2 39. Rxa7 Rxb3+ 40. Kh2 Be6 41. Re1 Rb2+ 42. Kg1 Bc4 43. a4 Nf7 44. Rb7 Ne5 45. Re3 Rb1+ 0-1

[Event "EU-ch Cities&Town op"]
[Site "Tornelo INT"]
[Date "2023.01.29"]
[Round "?"]
[White "Guerrero Vargas, Andres Jesus"]
[Black "Tomic, Aleksandar1111"]
[Result "0-1"]
[WhiteElo "2336"]
[BlackElo "2417"]
[PlyCount "108"]
[EventDate "2023.01.29"]
[EventType "team-swiss"]
[EventRounds "9"]
[EventCountry "NET"]
[SourceTitle "CBM 212 Extra"]
[Source "ChessBase"]
[SourceDate "2023.03.31"]
[SourceVersion "1"]
[SourceVersionDate "2023.03.31"]
[SourceQuality "1"]
[WhiteTeam "Madrid Collado Villalba"]
[BlackTeam "Niksic"]
[WhiteTeamCountry "ESP"]
[BlackTeamCountry "MNE"]

1. d4 Nf6 2. Bf4 b6 3. e3 Bb7 4. Nf3 e6 5. h3 d6 6. Bd3 Nbd7 7. 0-0 g6 8. c4 Bg7 9. Nc3 0-0 10. Bh2 Qe7 11. Re1 e5 12. Be2 Rfe8 13. a4 a5 14. Nb5 Rac8 15. Nd2 Ne4 16. Nxe4 Bxe4 17. d5 g5 18. Bg4 Nc5 19. Bxc8 Rxc8 20. f3 Bd3 21. Rc1 Bg6 22. e4 f5 23. Nc3 f4 24. Kf1 Qd7 25. Bg1 Na6 26. Bf2 h5 27. Qe2 Nb4 28. b3 Ra8 29. Na2 Na6 30. c5 bxc5 31. Qb5 Qc8 32. Rc3 Be8 33. Qe2 Bd7 34. Nc1 Kf7 35. Nd3 Bf6 36. Bg1 Qb7 37. Rb1 Bc8 38. Nf2 Nb4 39. Qb5 Qa6 40. Qxa6 Bxa6+ 41. Ke1 Rb8 42. Kd2 Ke7 43. Nd1 Bf1 44. Nf2 Ba6 45. Bh2 Rg8 46. Rg1 Bc8 47. g4 hxg4 48. fxg4 Rh8 49. Nd1 Ba6 50. Nb2 c6 51. dxc6 Nxc6 52. Nc4 Nd4 53. Nb6 Ne2 54. Nd5+ Kf7 0-1

[Event "EU-ch Cities&Town op"]
[Site "Tornelo INT"]
[Date "2023.01.29"]
[Round "?"]
[White "Manolache, Marius"]
[Black "Guerrero Vargas, Andres Jesus"]
[Result "1/2-1/2"]
[WhiteElo "2454"]
[BlackElo "2336"]
[PlyCount "186"]
[EventDate "2023.01.29"]
[EventType "team-swiss"]
[EventRounds "9"]
[EventCountry "NET"]
[SourceTitle "CBM 212 Extra"]
[Source "ChessBase"]
[SourceDate "2023.03.31"]
[SourceVersion "1"]
[SourceVersionDate "2023.03.31"]
[SourceQuality "1"]
[WhiteTeam "Galati CSM"]
[BlackTeam "Madrid Collado Villalba"]
[WhiteTeamCountry "ROU"]
[BlackTeamCountry "ESP"]

1. d4 Nf6 2. Nf3 g6 3. Nbd2 d5 4. b3 Bg7 5. Bb2 0-0 6. e3 c5 7. Be2 cxd4 8. exd4 Nc6 9. 0-0 Bf5 10. Nh4 Be6 11. a3 Ne4 12. Nhf3 Bf5 13. Nxe4 dxe4 14. Ne5 Nxe5 15. dxe5 Qc7 16. c4 Rad8 17. Qc1 Bxe5 18. Bxe5 Qxe5 19. Qe3 Qd4 20. Rfd1 Qxe3 21. fxe3 h5 22. Kf2 b6 23. b4 Rxd1 24. Rxd1 Rc8 25. Rc1 Kf8 26. Kg3 e5 27. c5 bxc5 28. bxc5 Bd7 29. Ba6 Rc7 30. Kf2 Bc6 31. Rb1 Ke7 32. h4 Bd7 33. Rc1 Bc8 34. Bb5 Rb7 35. a4 a6 36. Bc6 Rb2+ 37. Kg3 f5 38. Rc3 Bb7 39. Bxb7 Rxb7 40. Rc2 Rc7 41. Rb2 Rxc5 42. Rb6 f4+ 43. exf4 Rc3+ 44. Kf2 exf4 45. Rxa6 Rc2+ 46. Kf1 Kf7 47. a5 Ra2 48. Kg1 e3 49. Kf1 Rf2+ 50. Kg1 f3 51. gxf3 Rxf3 52. Rb6 Rf5 53. a6 Ra5 54. Kg2 Ra2+ 55. Kf3 e2 56. Kf2 Kg7 57. Re6 Kf7 58. Rb6 Ra4 59. Rb7+ Kf6 60. a7 Ra2 61. Rb2 Rxa7 62. Rxe2 Kf5 63. Kg2 Ra4 64. Kh3 Ra3+ 65. Kg2 Kf4 66. Rb2 Rg3+ 67. Kh2 Re3 68. Rb6 Kf5 69. Kg2 Re2+ 70. Kg3 Re5 71. Rb3 Rd5 72. Ra3 Ke4 73. Ra6 Rd3+ 74. Kg2 Kf5 75. Ra5+ Kf6 76. Ra6+ Kg7 77. Ra7+ Kh6 78. Rb7 Rd4 79. Kh3 Rg4 80. Ra7 Rc4 81. Rb7 Rc6 82. Kg3 Rf6 83. Ra7 Re6 84. Rb7 g5 85. hxg5+ Kxg5 86. Rb5+ Kh6 87. Kh4 Re4+ 88. Kh3 Kg6 89. Ra5 Re3+ 90. Kh4 Re6 91. Rg5+ Kf6 92. Kxh5 Re5 93. Rxe5 Kxe5 1/2-1/2

[Event "EU-ch Cities&Town op"]
[Site "Tornelo INT"]
[Date "2023.01.29"]
[Round "?"]
[White "Melikhov, Evgeny V"]
[Black "Guerrero Vargas, Andres Jesus"]
[Result "1/2-1/2"]
[WhiteElo "2269"]
[BlackElo "2336"]
[PlyCount "97"]
[EventDate "2023.01.29"]
[EventType "team-swiss"]
[EventRounds "9"]
[EventCountry "NET"]
[SourceTitle "CBM 212 Extra"]
[Source "ChessBase"]
[SourceDate "2023.03.31"]
[SourceVersion "1"]
[SourceVersionDate "2023.03.31"]
[SourceQuality "1"]
[WhiteTeam "Ioannina"]
[BlackTeam "Madrid Collado Villalba"]
[WhiteTeamCountry "GRE"]
[BlackTeamCountry "ESP"]

1. d4 Nf6 2. c4 e5 3. dxe5 Ng4 4. Bf4 g5 5. Bg3 Bg7 6. Nf3 Nc6 7. Nc3 Ngxe5 8. Nxe5 Nxe5 9. e3 d6 10. h4 h6 11. hxg5 hxg5 12. Rxh8+ Bxh8 13. Qh5 Ng6 14. Bd3 Bxc3+ 15. bxc3 Qf6 16. Kd2 Bd7 17. Qf3 Qxf3 18. gxf3 0-0-0 19. Rh1 Rh8 20. Rxh8+ Nxh8 21. f4 g4 22. e4 Ng6 23. f5 Ne7 24. Be2 Nc6 25. Bxg4 Na5 26. Kd3 b5 27. cxb5 Bxb5+ 28. Kc2 Bc4 29. a3 Bb3+ 30. Kb2 Bc4 31. f4 Bd3 32. e5 Nc4+ 33. Kb3 Ne3 34. Bh5 Bc4+ 35. Kb2 Nxf5 36. Bf2 Kb7 37. a4 Ne7 38. exd6 cxd6 39. Bf3+ d5 40. Bd4 Nc8 41. Ka3 a5 42. Bf6 Kc7 43. Bh5 d4 44. Bxd4 Kc6 45. Kb2 Bd5 46. Be2 Nd6 47. Bd3 Nc4+ 48. Bxc4 Bxc4 49. f5 1/2-1/2

[Event "EU-ch Cities&Town op"]
[Site "Tornelo INT"]
[Date "2023.01.29"]
[Round "?"]
[White "Samunenkov, Igor"]
[Black "Guerrero Vargas, Andres Jesus"]
[Result "0-1"]
[WhiteElo "2485"]
[BlackElo "2336"]
[PlyCount "66"]
[EventDate "2023.01.29"]
[EventType "team-swiss"]
[EventRounds "9"]
[EventCountry "NET"]
[SourceTitle "CBM 212 Extra"]
[Source "ChessBase"]
[SourceDate "2023.03.31"]
[SourceVersion "1"]
[SourceVersionDate "2023.03.31"]
[SourceQuality "1"]
[WhiteTeam "Kiev Region"]
[BlackTeam "Madrid Collado Villalba"]
[WhiteTeamCountry "UKR"]
[BlackTeamCountry "ESP"]

1. d4 Nf6 2. c4 e5 3. dxe5 Ng4 4. e4 Nxe5 5. f4 Nec6 6. Be3 Bb4+ 7. Nc3 Qh4+ 8. g3 Qe7 9. Bg2 Bxc3+ 10. bxc3 d6 11. Ne2 0-0 12. 0-0 Na5 13. Qa4 b6 14. f5 Qe8 15. Qc2 Nxc4 16. Bd4 f6 17. e5 dxe5 18. Bxa8 c6 19. Bf2 Kh8 20. g4 Ba6 21. Rfd1 e4 22. Nf4 e3 23. Bg3 Ne5 24. Ne6 Nbd7 25. Bxe5 Nxe5 26. Rd8 Qxd8 27. Nxd8 Rxd8 28. Rd1 Rxa8 29. Qe4 h5 30. Qxe3 hxg4 31. Kg2 c5 32. Kg3 Kh7 33. Qe2 Bxe2 0-1

[Event "Madrid-chT Honor 2223"]
[Site "Madrid"]
[Date "2023.01.15"]
[Round "5.3"]
[White "Guerrero Vargas, Andres Jesus"]
[Black "Neagu, Roberto Florin"]
[Result "1-0"]
[WhiteElo "2336"]
[BlackElo "2307"]
[PlyCount "93"]
[EventDate "2022.11.20"]
[EventType "team-tourn"]
[EventRounds "14"]
[EventCountry "ESP"]
[SourceTitle "EXT 2024"]
[Source "ChessBase"]
[SourceDate "2023.10.10"]
[SourceVersion "1"]
[SourceVersionDate "2023.10.10"]
[SourceQuality "1"]
[WhiteTeam "Villalba 64"]
[BlackTeam "Alcorcon Diagonal"]
[WhiteTeamCountry "ESP"]
[BlackTeamCountry "ESP"]

1. Nf3 c5 2. c4 Nc6 3. Nc3 g6 4. e3 Nf6 5. d4 cxd4 6. exd4 d5 7. cxd5 Nxd5 8. Qb3 Nxc3 9. Bc4 Nd5 10. Bxd5 e6 11. Bxc6+ bxc6 12. 0-0 Bg7 13. Qa3 Qe7 14. Qxe7+ Kxe7 15. b3 Ba6 16. Ba3+ Kd7 17. Rfe1 f6 18. Rad1 Bh6 19. h3 Bf4 20. g3 Bh6 21. Nh2 Bb5 22. Ng4 Bg7 23. Ne3 a5 24. d5 e5 25. dxc6+ Kxc6 26. Rd5 Rhd8 27. Rc5+ Kb6 28. Nd5+ Rxd5 29. Rxd5 Bc6 30. Bc5+ Kb7 31. Rd2 Bh6 32. Be3 Bf8 33. Red1 Bf3 34. Rd7+ Kc6 35. Rd8 Rxd8 36. Rxd8 Bb4 37. Rc8+ Kd5 38. Bb6 Ke4 39. Rc7 Kd3 40. Rxh7 Bc3 41. Kf1 Kc2 42. Ra7 Kb2 43. Bxa5 Bd4 44. Rf7 f5 45. b4 Kxa2 46. b5 Bd5 47. Rc7 1-0

[Event "Santiago de Compostela Bicapawn GP B4"]
[Site "Santiago de Compostela"]
[Date "2022.10.21"]
[Round "3"]
[White "Tejedor Fuente, Enrique"]
[Black "Guerrero Vargas, Andres Jesus"]
[Result "0-1"]
[WhiteElo "2376"]
[BlackElo "2298"]
[PlyCount "70"]
[EventDate "2022.10.21"]
[EventType "swiss (blitz)"]
[EventRounds "9"]
[EventCountry "ESP"]
[SourceTitle "CBM 210 Extra"]
[Source "ChessBase"]
[SourceDate "2022.11.30"]
[SourceVersion "1"]
[SourceVersionDate "2022.11.30"]
[SourceQuality "1"]

1. c4 e5 2. Nc3 Nf6 3. g3 c6 4. Nf3 e4 5. Nd4 Qb6 6. Nb3 a5 7. d3 a4 8. Nd2 exd3 9. e3 Bb4 10. Bxd3 Bxc3 11. bxc3 0-0 12. 0-0 d6 13. Rb1 Qc7 14. Bc2 Na6 15. Bxa4 Nc5 16. Bb3 Bh3 17. Re1 Nd3 18. Re2 Rfe8 19. Nf3 Nxc1 20. Rxc1 Bg4 21. Kg2 Qd7 22. Rd2 Ne4 23. Rd4 c5 24. Rd5 Re6 25. Bc2 Nxc3 26. Bxh7+ Kxh7 27. Rxc3 Kg8 28. Qc2 Rh6 29. Nh4 Rxh4 30. gxh4 Bh3+ 31. Kh1 Qg4 32. Rg5 Qf3+ 33. Kg1 Rxa2 34. Rg3 Ra1+ 35. Qc1 Qd1+ 0-1

[Event "Santiago de Compostela Bicapawn GP B3"]
[Site "Santiago de Compostela"]
[Date "2022.10.20"]
[Round "2"]
[White "Guerrero Vargas, Andres Jesus"]
[Black "Salgado Lopez, Ivan"]
[Result "0-1"]
[WhiteElo "2298"]
[BlackElo "2591"]
[PlyCount "50"]
[EventDate "2022.10.20"]
[EventType "swiss (blitz)"]
[EventRounds "9"]
[EventCountry "ESP"]
[SourceTitle "CBM 210 Extra"]
[Source "ChessBase"]
[SourceDate "2022.11.30"]
[SourceVersion "1"]
[SourceVersionDate "2022.11.30"]
[SourceQuality "1"]

1. d4 d5 2. Bf4 c5 3. Nf3 Nc6 4. c4 e6 5. Nc3 dxc4 6. e3 Nf6 7. Bxc4 cxd4 8. exd4 Bd6 9. Bg5 h6 10. Bh4 0-0 11. 0-0 Be7 12. a3 Nh5 13. Bxe7 Nxe7 14. Qd2 Nf6 15. Rad1 b6 16. Ne5 Bb7 17. Qe3 Ned5 18. Qg3 Nxc3 19. bxc3 Rc8 20. Rfe1 Qc7 21. Qh4 b5 22. Bxb5 Qxc3 23. Re3 Qb2 24. Bc4 Rxc4 25. Rg3 Rcc8 0-1

[Event "Santiago de Compostela Bicapawn GP B2"]
[Site "Santiago de Compostela"]
[Date "2022.10.20"]
[Round "9"]
[White "Van Foreest, Jorden"]
[Black "Guerrero Vargas, Andres Jesus"]
[Result "0-1"]
[WhiteElo "2694"]
[BlackElo "2298"]
[PlyCount "62"]
[EventDate "2022.10.20"]
[EventType "swiss (blitz)"]
[EventRounds "9"]
[EventCountry "ESP"]
[SourceTitle "CBM 210 Extra"]
[Source "ChessBase"]
[SourceDate "2022.11.30"]
[SourceVersion "1"]
[SourceVersionDate "2022.11.30"]
[SourceQuality "1"]

1. d4 Nf6 2. c4 c5 3. d5 g6 4. Nc3 Bg7 5. Nf3 0-0 6. g3 d6 7. Bg2 e5 8. 0-0 Ne8 9. e4 f5 10. Ng5 f4 11. Ne6 Bxe6 12. dxe6 Nc7 13. Bh3 Nc6 14. Nd5 Kh8 15. b4 cxb4 16. a3 b3 17. Qxb3 Nxe6 18. Qxb7 Ncd4 19. Qe7 Ng5 20. Bg4 Nxe4 21. Qxd8 Raxd8 22. gxf4 Nb3 23. Ra2 Nxc1 24. Rxc1 exf4 25. Re2 Nc5 26. Re7 f3 27. Rb1 Rde8 28. Rxa7 Re2 29. h3 Bd4 30. Rf1 Nd3 31. Ne3 Bxa7 0-1

[Event "Santiago de Compostela Bicapawn GP B1"]
[Site "Santiago de Compostela"]
[Date "2022.10.19"]
[Round "9"]
[White "Guerrero Vargas, Andres Jesus"]
[Black "Rodriguez Redondo, Adhara"]
[Result "1-0"]
[WhiteElo "2298"]
[BlackElo "2048"]
[PlyCount "69"]
[EventDate "2022.10.19"]
[EventType "swiss (blitz)"]
[EventRounds "9"]
[EventCountry "ESP"]
[SourceTitle "EXT 2024"]
[Source "ChessBase"]
[SourceDate "2023.10.10"]
[SourceVersion "1"]
[SourceVersionDate "2023.10.10"]
[SourceQuality "1"]

1. d4 d5 2. Bf4 Nf6 3. e3 e6 4. Nf3 Bd6 5. Ne5 c5 6. Bb5+ Kf8 7. dxc5 Bxc5 8. 0-0 Nbd7 9. Nd3 Be7 10. Nd2 a6 11. Ba4 h5 12. Bb3 b6 13. Re1 Bb7 14. h3 Rc8 15. Qf3 Nc5 16. Nxc5 bxc5 17. c4 dxc4 18. Qxb7 cxb3 19. axb3 Nd5 20. Bh2 Nb4 21. Nc4 Qe8 22. Bd6 g6 23. Bxe7+ Qxe7 24. Qxc8+ Kg7 25. Qxh8+ Kxh8 26. Red1 Kg7 27. Rd6 Qf6 28. Rad1 Qf5 29. R6d2 Qe4 30. Nd6 Qe5 31. Kf1 h4 32. Kg1 Qf6 33. Ne8+ Kf8 34. Nxf6 Ke7 35. Nh7 1-0

[Event "Santiago de Compostela Bicapawn GP B1"]
[Site "Santiago de Compostela"]
[Date "2022.10.19"]
[Round "7"]
[White "Guerrero Vargas, Andres Jesus"]
[Black "Sargissian, Gabriel"]
[Result "0-1"]
[WhiteElo "2298"]
[BlackElo "2711"]
[PlyCount "99"]
[EventDate "2022.10.19"]
[EventType "swiss (blitz)"]
[EventRounds "9"]
[EventCountry "ESP"]
[SourceTitle "EXT 2024"]
[Source "ChessBase"]
[SourceDate "2023.10.10"]
[SourceVersion "1"]
[SourceVersionDate "2023.10.10"]
[SourceQuality "1"]

1. d4 b5 2. e4 Bb7 3. Bxb5 Bxe4 4. Nf3 Nf6 5. 0-0 e6 6. c4 Be7 7. Nc3 Bb7 8. Ba4 0-0 9. Bc2 d6 10. Re1 Nbd7 11. Qd3 Re8 12. Bg5 Nf8 13. Bh4 c5 14. Rad1 cxd4 15. Nxd4 a6 16. Bg3 d5 17. Ba4 dxc4 18. Qxc4 Qc8 19. Nc6 Bxc6 20. Bxc6 Rd8 21. Qa4 Ra7 22. h3 h6 23. Rxd8 Bxd8 24. Ne4 Nxe4 25. Bxe4 Bb6 26. Qc6 Qd8 27. Bf3 Rd7 28. b4 Bc7 29. Bxc7 Rxc7 30. Qxa6 Qd2 31. Qe2 Qxb4 32. Rd1 Rc8 33. Qe4 Qxe4 34. Bxe4 Nh7 35. a4 Nf6 36. Bf3 Rc5 37. Ra1 Ra5 38. Bc6 Nd5 39. Bxd5 exd5 40. Kf1 Kf8 41. Ke2 Ke7 42. Kd3 Kd6 43. Kd4 g6 44. g4 f6 45. f4 g5 46. f5 Kc6 47. Ra2 Kd6 48. Ra3 Kc6 49. Rc3+ Kd6 50. Ra3 0-1

[Event "La Nucia op 3rd"]
[Site "La Nucia"]
[Date "2022.10.16"]
[Round "9"]
[White "Guerrero Vargas, Andres Jesus"]
[Black "Grieve, Harry"]
[Result "0-1"]
[WhiteElo "2298"]
[BlackElo "2410"]
[PlyCount "76"]
[EventDate "2022.10.09"]
[EventType "swiss"]
[EventRounds "9"]
[EventCountry "ESP"]
[SourceTitle "CBM 210 Extra"]
[Source "ChessBase"]
[SourceDate "2022.11.30"]
[SourceVersion "1"]
[SourceVersionDate "2022.11.30"]
[SourceQuality "1"]

1. d4 d5 2. c4 e6 3. Nc3 Nf6 4. Nf3 c5 5. cxd5 Nxd5 6. e3 cxd4 7. Qxd4 Nxc3 8. Qxc3 Nc6 9. Bb5 Qb6 10. Nd4 Bd7 11. 0-0 Bb4 12. Qc4 0-0 13. Nxc6 Bxc6 14. Qxb4 Qxb5 15. Qg4 Rfd8 16. b3 h5 17. Qg3 Rd5 18. e4 Rd3 19. Qf4 Qb4 20. Be3 Qxe4 21. Qxe4 Bxe4 22. Rfd1 Rxd1+ 23. Rxd1 Bd5 24. Rc1 a5 25. h3 a4 26. Rc3 axb3 27. axb3 Ra1+ 28. Kh2 Rb1 29. Kg3 Kh7 30. Kh4 Kg6 31. g4 hxg4 32. hxg4 b5 33. Bd4 b4 34. Rc5 Rxb3 35. f4 Rd3 36. f5+ Kh7 37. fxe6 f6 38. Rxd5 g5+ 0-1

[Event "La Nucia op 3rd"]
[Site "La Nucia"]
[Date "2022.10.12"]
[Round "4"]
[White "Garcia Ramos, Daniel"]
[Black "Guerrero Vargas, Andres Jesus"]
[Result "1/2-1/2"]
[WhiteElo "2457"]
[BlackElo "2298"]
[PlyCount "72"]
[EventDate "2022.10.09"]
[EventType "swiss"]
[EventRounds "9"]
[EventCountry "ESP"]
[SourceTitle "CBM 210 Extra"]
[Source "ChessBase"]
[SourceDate "2022.11.30"]
[SourceVersion "1"]
[SourceVersionDate "2022.11.30"]
[SourceQuality "1"]

1. c4 e5 2. Nc3 Nf6 3. Nf3 e4 4. Ng5 c6 5. d3 exd3 6. e4 d5 7. Qxd3 h6 8. Nf3 dxe4 9. Nxe4 Qe7 10. Nfd2 Bf5 11. f3 Nbd7 12. Be2 Bg6 13. Qe3 0-0-0 14. Qxa7 Nxe4 15. Nxe4 Bxe4 16. Bf4 Qb4+ 17. Kf1 Bd6 18. Bxd6 Qxd6 19. fxe4 Nc5 20. Re1 f5 21. g3 Qe5 22. Kg2 Qxe4+ 23. Kf2 Qd4+ 24. Kg2 Rhe8 25. Rhf1 Re5 26. Qa3 Re3 27. Qa8+ Kd7 28. Qa5 Rde8 29. Rd1 Rxe2+ 30. Kh3 Nd3 31. Qxf5+ Kc7 32. Rxd3 Qxb2 33. Qd7+ Kb8 34. Qd6+ Kc8 35. Qd7+ Kb8 36. Qd6+ Kc8 1/2-1/2

[Event "Valencia Cuna op 3rd"]
[Site "Valencia"]
[Date "2022.07.15"]
[Round "6"]
[White "Escalante Ramirez, Brian Sebastian"]
[Black "Guerrero Vargas, Andres Jesus"]
[Result "0-1"]
[WhiteElo "2496"]
[BlackElo "2304"]
[PlyCount "70"]
[EventDate "2022.07.11"]
[EventType "swiss"]
[EventRounds "9"]
[EventCountry "ESP"]
[SourceTitle "CBM 209 Extra"]
[Source "ChessBase"]
[SourceDate "2022.09.30"]
[SourceVersion "1"]
[SourceVersionDate "2022.09.30"]
[SourceQuality "1"]

1. e4 e6 2. d4 d5 3. exd5 exd5 4. Nf3 Bd6 5. c4 Nf6 6. c5 Be7 7. Qa4+ Bd7 8. Qc2 0-0 9. Bd3 Nc6 10. a3 Ne4 11. b4 Bf6 12. Bb2 a5 13. b5 Ne7 14. 0-0 Ng6 15. Nc3 Nxc3 16. Bxc3 Bg4 17. Nd2 Nf4 18. Rfe1 Qd7 19. Bxh7+ Kh8 20. Bd3 g6 21. Bf1 Kg7 22. Nb3 Rh8 23. Bxa5 Bf3 24. Re3 Be4 25. Qc1 Qg4 26. Rg3 Qh4 27. h3 Bxg2 28. Bxc7 Nxh3+ 29. Kxg2 Ng5 30. Bd3 Qh2+ 31. Kf1 Rae8 32. Be5 Bxe5 33. dxe5 Rxe5 34. Re3 Nh3 35. Qe1 Nf4 0-1

[Event "Valencia Cuna op 3rd"]
[Site "Valencia"]
[Date "2022.07.15"]
[Round "7"]
[White "Guerrero Vargas, Andres Jesus"]
[Black "Barski, Radoslaw"]
[Result "0-1"]
[WhiteElo "2304"]
[BlackElo "2437"]
[PlyCount "49"]
[EventDate "2022.07.11"]
[EventType "swiss"]
[EventRounds "9"]
[EventCountry "ESP"]
[SourceTitle "CBM 209 Extra"]
[Source "ChessBase"]
[SourceDate "2022.09.30"]
[SourceVersion "1"]
[SourceVersionDate "2022.09.30"]
[SourceQuality "1"]

1. e4 e5 2. Nf3 Nc6 3. Bc4 Nf6 4. d3 Bc5 5. c3 d6 6. Qe2 a6 7. a4 Ba7 8. h3 0-0 9. Bg5 h6 10. Bh4 g5 11. Nxg5 hxg5 12. Bxg5 Kg7 13. Qf3 Be6 14. Nd2 Rh8 15. h4 Nb8 16. h5 Nbd7 17. Qg3 Kh7 18. f4 Rg8 19. Rf1 exf4 20. Qh4 Qe7 21. 0-0-0 Be3 22. Bxf4 Rg4 23. Qh2 Rxf4 24. Rxf4 Bxf4 25. Qxf4 0-1